[Event "Let's Play Chess!"]
[Site "http://www.queenalice.com/game.php?id=1632102"]
[Date "2020.11.9"]
[Round "-"]
[White "Eddiemsses"]
[Black "igorjava"]
[Result "0-1"]
[WhiteElo "1429"]
[BlackElo "1935"]

1. e4 c5 2. Nf3 d6 3. d3 Nf6 4. g3 Nc6 5. Bg2 e5 6. Nc3 Bg4 7. h3 Bd7 8. Bg5 Be7
9. Qd2 h6 10. Bxf6 Bxf6 11. O-O-O a6 12. h4 b5 13. Nd5 Bg4 14. Rde1 b4 15. Nxf6+
Qxf6 16. c3 bxc3 17. Qxc3 Qd8 18. Nd2 O-O 19. f3 Be6 20. f4 Bxa2 21. f5 f6 22.
Qa3 Bf7 23. Nc4 Qc7 24. g4 Rfb8 0-1

[Event "Let's Play Chess!"]
[Site "http://www.queenalice.com/game.php?id=1632161"]
[Date "2020.11.9"]
[Round "-"]
[White "Eddiemsses"]
[Black "charles31"]
[Result "1-0"]
[WhiteElo "1500"]
[BlackElo "1617"]

1. d4 d5 2. Nf3 e6 3. e3 a6 4. Nc3 h6 5. Bd3 Bb4 6. a3 Ba5 7. b4 Bb6 8. O-O Nf6
9. a4 Qe7 10. a5 Ba7 11. Ba3 b6 12. Ne5 b5 13. Qf3 Nbd7 14. Nc6 Qd6 15. Ne5 Nxe5
16. dxe5 Qxe5 17. Bb2 Bb7 18. Nd1 c5 19. Bxe5 c4 20. Be2 Ke7 21. Nc3 Bb8 22.
Bxb8 Raxb8 23. Rfd1 d4 24. Qg3 dxc3 25. Qd6+ Ke8 26. Qxb8+ 1-0

[Event "Let's Play Chess!"]
[Site "http://www.queenalice.com/game.php?id=1632163"]
[Date "2020.11.9"]
[Round "-"]
[White "Eddiemsses"]
[Black "charles31"]
[Result "0-1"]
[WhiteElo "1759"]
[BlackElo "1550"]

1. e4 e5 2. Nf3 d6 3. d4 exd4 4. Nxd4 h6 5. Nc3 Nf6 6. Bd3 Be6 7. O-O a6 8. Qf3
Qd7 9. Re1 Nc6 10. b3 Nxd4 11. Qe3 Nc6 12. Ba3 g5 13. Na4 Nh5 14. Bb2 O-O-O 15.
Bxh8 Be7 16. Bc3 Nf4 17. g3 Nh3+ 18. Kh1 Rf8 19. Bc4 Bxc4 20. bxc4 Ne5 21. Qa7
Qxa4 22. Qa8+ Kd7 23. Qxb7 Qxc2 24. Ba5 Nxf2+ 25. Kg1 Nh3+ 26. Kh1 Bd8 27. Qxa6
Nf2+ 28. Kg1 Nf3+ 29. Kf1 Nxh2+ 30. Kg2 Nxe4+ 31. Kh3 g4# 0-1

[Event "Let's Play Chess!"]
[Site "http://www.queenalice.com/game.php?id=1632164"]
[Date "2020.11.9"]
[Round "-"]
[White "charles31"]
[Black "Eddiemsses"]
[Result "1-0"]
[WhiteElo "1557"]
[BlackElo "1576"]

1. Nc3 c5 2. e4 e6 3. Nf3 Nc6 4. a3 Nge7 5. Bb5 g6 6. Ba4 b6 7. Bb3 f5 8. exf5
Nxf5 9. d3 Qf6 10. Bg5 Qf7 11. Qe2 Nfd4 12. Nxd4 Nxd4 13. Qe3 Nf5 14. Qd2 h6 15.
Bf4 Nd4 16. Ne4 d5 17. Bd6 dxe4 18. Bxf8 Rxf8 19. dxe4 Ba6 20. Ba2 O-O-O 21. c4
Nc6 22. Qe3 g5 23. O-O Nd4 24. Rac1 Nc6 25. b4 cxb4 26. axb4 Nxb4 27. Bb3 b5 28.
cxb5+ Kb7 29. bxa6+ Ka8 30. e5 Rd3 31. Qe4+ Kb8 32. Qxb4+ Ka8 33. Qc4 Rdd8 34.
Qc6+ Kb8 35. Bxe6 Qg7 36. Bd5 Qxe5 37. Qb7# 1-0

[Event "AUTO-OPEN-4228"]
[Site "http://www.queenalice.com/game.php?id=1632902"]
[Date "2020.11.14"]
[Round "1"]
[White "BigRezi"]
[Black "Eddiemsses"]
[Result "1-0"]
[WhiteElo "1813"]
[BlackElo "1464"]

1. e4 c5 2. Nf3 d6 3. d4 cxd4 4. Nxd4 Nf6 5. Nc3 e5 6. Bb5+ Nc6 7. Nxc6 bxc6 8.
Bxc6+ Bd7 9. Bxa8 Qxa8 10. Qd3 Qc6 11. Be3 1-0

[Event "AUTO-OPEN-4228"]
[Site "http://www.queenalice.com/game.php?id=1632903"]
[Date "2020.11.14"]
[Round "1"]
[White "Eddiemsses"]
[Black "BigRezi"]
[Result "0-1"]
[WhiteElo "1468"]
[BlackElo "1811"]

1. e4 e5 2. Nf3 Nc6 3. Nc3 Nf6 4. g3 a6 5. Bc4 Be7 6. O-O O-O 7. d3 Na5 8. Be3
b5 9. b4 bxc4 10. bxa5 cxd3 11. cxd3 Bb7 0-1

[Event "Let's Play Chess!"]
[Site "http://www.queenalice.com/game.php?id=1632999"]
[Date "2020.11.15"]
[Round "-"]
[White "Eddiemsses"]
[Black "ootomm"]
[Result "0-1"]
[WhiteElo "1429"]
[BlackElo "1486"]

1. f4 d5 2. Nf3 Nc6 3. e3 Bg4 4. h3 Bxf3 5. Qxf3 e5 6. Nc3 Nf6 7. Bb5 e4 8. Qg3
Qd7 9. O-O g6 10. b3 Bg7 11. Bb2 O-O 12. Rfe1 a6 13. Bxc6 Qxc6 14. d3 Rfe8 15.
dxe4 Nxe4 16. Qh4 Nxc3 17. Bxc3 Bxc3 18. a4 Bxe1 19. Rxe1 d4 20. exd4 Qxc2 21.
b4 Rxe1+ 22. Qxe1 Qxa4 23. g4 Rd8 24. Qd2 Qa1+ 25. Kf2 Rxd4 26. Qe3 Rxb4 27. f5
gxf5 28. gxf5 Qb2+ 29. Kf3 Rb3 0-1

[Event "AUTO-OPEN-4229"]
[Site "http://www.queenalice.com/game.php?id=1633113"]
[Date "2020.11.16"]
[Round "1"]
[White "Wecker"]
[Black "Eddiemsses"]
[Result "1-0"]
[WhiteElo "1806"]
[BlackElo "1515"]

1. d4 f5 2. e4 fxe4 3. d5 Nf6 4. c4 e6 5. Nc3 exd5 6. cxd5 Bc5 7. Nxe4 Nxe4 8.
Qh5+ Kf8 9. Nf3 g6 10. Bh6+ Ke8 11. Qe5+ Be7 12. Qxh8+ Kf7 13. Qxh7+ Ke8 14.
Qxg6# 1-0

[Event "AUTO-OPEN-4229"]
[Site "http://www.queenalice.com/game.php?id=1633114"]
[Date "2020.11.16"]
[Round "1"]
[White "Eddiemsses"]
[Black "Wecker"]
[Result "0-1"]
[WhiteElo "1473"]
[BlackElo "1797"]

1. e4 d5 2. d4 dxe4 3. Nc3 Nf6 4. Bf4 e6 5. Bc4 Bb4 6. a3 Ba5 7. b4 Bb6 8. Be3
Nbd7 9. f3 exf3 10. Nxf3 c6 11. O-O O-O 12. Bg5 Bc7 13. Bxf6 Nxf6 0-1

[Event "AUTO-OPEN-4229"]
[Site "http://www.queenalice.com/game.php?id=1633137"]
[Date "2020.11.16"]
[Round "1"]
[White "Carlos19"]
[Black "Eddiemsses"]
[Result "1-0"]
[WhiteElo "1484"]
[BlackElo "1506"]

1. e4 c5 2. d3 d6 3. c4 Nc6 4. Nf3 Bg4 5. h3 Bxf3 6. Qxf3 e5 7. Nc3 Nf6 8. Bg5
h6 9. Bxf6 gxf6 10. Nd5 Qa5+ 11. Nc3 Nd4 12. Qxf6 Rg8 13. Kd1 Rg6 14. Qh4 Qb6
15. b3 Be7 16. Qh5 O-O-O 17. Nd5 Qa5 18. Nxe7+ Kd7 19. Nxg6 Qc3 20. Rc1 Qb2 21.
Qxh6 Qxa2 22. Nf8+ Kc7 23. Qd2 Qxb3+ 24. Ke1 Rxf8 25. Qh6 1-0

[Event "AUTO-OPEN-4229"]
[Site "http://www.queenalice.com/game.php?id=1633138"]
[Date "2020.11.16"]
[Round "1"]
[White "Eddiemsses"]
[Black "Carlos19"]
[Result "0-1"]
[WhiteElo "1559"]
[BlackElo "1473"]

1. d4 f5 2. Bg5 h6 3. Bf4 d5 4. Nc3 Nc6 5. e3 g5 6. Be5 Nxe5 7. dxe5 e6 8. Bb5+
Bd7 9. h3 Bb4 10. a3 Bxc3+ 11. bxc3 Bxb5 12. Rb1 c6 13. f4 gxf4 14. exf4 Qe7 15.
Nf3 Qc5 16. Qd2 Qxa3 17. g4 fxg4 18. hxg4 Qa2 19. Qc1 Qc4 20. Nd2 Qe2# 0-1

[Event "AUTO-OPEN-4229"]
[Site "http://www.queenalice.com/game.php?id=1633151"]
[Date "2020.11.16"]
[Round "1"]
[White "Sirius"]
[Black "Eddiemsses"]
[Result "1-0"]
[WhiteElo "1696"]
[BlackElo "1451"]

1. d3 d5 2. Nf3 Nf6 3. Bg5 h6 4. Bxf6 gxf6 5. h3 Nc6 6. c3 e5 7. Qa4 Bf5 8. b4
Bd6 9. b5 Ne7 10. c4 d4 11. g4 Bg6 12. Nbd2 O-O 13. Bg2 c6 14. O-O 1-0

[Event "AUTO-OPEN-4229"]
[Site "http://www.queenalice.com/game.php?id=1633152"]
[Date "2020.11.16"]
[Round "1"]
[White "Eddiemsses"]
[Black "Sirius"]
[Result "0-1"]
[WhiteElo "1461"]
[BlackElo "1689"]

1. d4 d5 2. Nc3 Nc6 3. Nf3 Bf5 4. Bf4 e6 5. e3 Nb4 6. Bb5+ c6 7. Ba4 b5 8. Bb3
a5 9. a3 Na6 10. Ne5 a4 11. Ba2 Rc8 12. h3 g5 0-1